000 00279nam a22001337a 4500
008 170717b xxu||||| |||| 00| 0 eng d
020 _a9780879739522
041 _aeng
080 _22ND
_a2
100 _a24
101 _aTEO
245 _aCATHOLIC
_cLAWLER,R
942 _2udc
_cBK
999 _c21264
_d21264